| 000 | 00658nam a22001817a 4500 | ||
|---|---|---|---|
| 003 | BD-DhUL | ||
| 005 | 20161019123911.0 | ||
| 008 | 161019s1989 bg a|||| |||| 000 0 ben d | ||
| 040 |
_aBD-DhUL _cBD-DhUL |
||
| 082 |
_a891.4409 _bIDS |
||
| 100 | 1 | _a আলী, মুহম্মদ ইদরিস | |
| 245 | 1 | 0 |
_aশহীদ সাবের ১৯৩০-১৯৭১ / _cমুহম্মদ ইদরিস আলী |
| 260 |
_aঢাকা : _bবাংলাএকাডেমী, _c১৯৮৯. |
||
| 300 |
_a ১০৫পৃ. : _bচিত্র ; _c২২ সে.মি. |
||
| 650 | 0 | _aজীবনী | |
| 650 | 0 | _aBiography | |
| 942 |
_2ddc _cBK |
||
| 999 |
_c111570 _d111570 |
||